000 01294 a2200241 4500
003 Nust
005 20221118183913.0
010 _a 2003535427
020 _a0471228281
035 _a(OCoLC)ocm51585685
040 _cNust
082 0 0 _a621.381,COM
100 1 _aComer, David J.
_956844
245 1 0 _aAdvanced electronic circuit design /
_cDavid J. Comer, Donald T. Comer.
260 _a[New York, NY] :
_bJohn Wiley & Sons,
_cc2003.
300 _axi, 506 p. :
_bill. ;
_c26 cm.
505 _aIntroduction and review (Page-2), Fundamentals power Amplifiers (Page-58), Advanced Power Amplifiers (Page-107), Wide band amplifiers (Page-138), Narrow band Amplifiers (Page-168), Sinusoidal Oscillators (Page-208), Basic Concepts in communications (Page-236), Amplitude Modulation circuits (Page-277), Angle Modulation (Page-325), Mixed single Interface Circuits (Page-356), Basic Concepts in Filter Design (Page-391), Active Synthesis (Page-435), Present and future Direction in electronics (Page-490).
650 0 _aElectronic circuit design.
700 1 _aComer, Donald.
_9103113
856 4 2 _3Publisher description
_uhttp://www.loc.gov/catdir/description/wiley037/2003535427.html
856 4 2 _3Table of contents
_uhttp://www.loc.gov/catdir/toc/wiley032/2003535427.html
942 _2ddc
_cBK
999 _c178606
_d178606